<?xml version="1.0" encoding="UTF-8"?>
<collection xmlns="http://www.loc.gov/MARC21/slim">
 <record>
  <leader>00576pamaa2200157   4500</leader>
  <controlfield tag="001">0000029071</controlfield>
  <controlfield tag="005">20060712090000.0</controlfield>
  <datafield tag="020" ind1="0" ind2="0">
   <subfield code="a">0471309435 </subfield>
  </datafield>
  <datafield tag="082" ind1=" " ind2=" ">
   <subfield code="a">448.2421 CHA</subfield>
  </datafield>
  <datafield tag="090" ind1="0" ind2="0">
   <subfield code="a">PC2129.E5 </subfield>
   <subfield code="b">CHA 1997</subfield>
  </datafield>
  <datafield tag="100" ind1="1" ind2="0">
   <subfield code="a">CHARVIER-BERMAN </subfield>
  </datafield>
  <datafield tag="245" ind1="1" ind2="2">
   <subfield code="a">A Laventure : </subfield>
   <subfield code="b">an introduction to french language and francophone cultures  </subfield>
   <subfield code="c">Evelyne Charvier-Berman and Anne C. Cummings.</subfield>
  </datafield>
  <datafield tag="260" ind1="0" ind2="0">
   <subfield code="a">New York: </subfield>
   <subfield code="b">John Wiley &amp; Sons, Inc., </subfield>
   <subfield code="c">1997.</subfield>
  </datafield>
  <datafield tag="300" ind1=" " ind2=" ">
   <subfield code="a">xxvii, 487p.: </subfield>
   <subfield code="b">ill.col.; </subfield>
   <subfield code="c">24cm.</subfield>
  </datafield>
  <datafield tag="650" ind1="0" ind2="0">
   <subfield code="a">French language -- </subfield>
   <subfield code="x">Textbooks for foreign speakers -- </subfield>
   <subfield code="x">English </subfield>
  </datafield>
  <datafield tag="700" ind1="1" ind2="1">
   <subfield code="a">CUMMINGS, </subfield>
   <subfield code="h">Anne C. </subfield>
  </datafield>
 </record>
</collection>
